গণহত্যা ও বধ্যভূমি ৭১. প্রথম খন্ড /

Dades bibliogràfiques
Autor principal: বাহাদুর, সাঈদ
Format: Llibre
Idioma:Bengali
Publicat: ঢাকা : মুক্তচিন্তা, ২০০৭.
Matèries:
Classic Catalogue: View this record in Classic Catalogue
LEADER 01184nam a22002417a 4500
001 0017339
003 BD-DhAAL
005 20250714121018.0
008 140401s2007 bg ||||| b||| 00| 0 ben d
020 |a 9848435506 
040 |a BD-DhAAL  |c BD-DhAAL 
082 |a 954.9205  |2 22 
100 |a বাহাদুর, সাঈদ   |9 4224 
245 |a গণহত্যা ও বধ্যভূমি ৭১.  |n প্রথম খন্ড /  |c সাঈদ বাহাদুর. 
260 |a ঢাকা :  |b মুক্তচিন্তা,   |c ২০০৭. 
300 |a ১২৮ পৃ. ;  |c ২৪ সে.মি. 
526 |a AAL  |x Hasina Afroz University Librarian BRAC University 
541 |e 17339  |a A H Development Publishing House 
651 |a Bangladesh  |x History  |x Revolution  |y 1971  |9 4226 
852 |a Ayesha Abed Library  |c General Stacks 
942 |2 ddc  |c BK 
999 |c 14273  |d 14273 
952 |0 0  |1 0  |2 ddc  |4 0  |6 954_920500000000000_GON  |7 0  |9 24102  |a BRACUL  |b BRACUL  |c BNC  |d 2014-04-01  |e A H Development Publishing House  |g 150.00  |l 4  |m 13  |o 954.9205 GON  |p 3010017339  |r 2020-01-12  |s 2019-12-12  |t 1  |w 2014-04-01  |y BK  |x Requisitioned by Hasina Afroz, University Librarian, Ayesha Abed Library, BRAC University.